熊本県の市町村(1968年) - Statistics

General Stats
  • This quiz has been taken 17 times
  • The average score is 36 of 101
Answer Stats
コード 市町村 備考 % Correct
43201 熊本市 2012年政令指定
100%
43205 水俣市
86%
43206 玉名市
86%
43204 荒尾市
79%
43208 山鹿市
71%
43202 八代市
64%
43203 人吉市
64%
43210 菊池市
64%
43211 宇土市
64%
43207 本渡市 2006年消滅
57%
43209 牛深市 2006年消滅
57%
43367 玉名郡南関町
50%
43425 阿蘇郡産山村
50%
43428 阿蘇郡高森町
50%
43432 阿蘇郡西原村
50%
43347 下益城郡砥用町 2004年消滅
43%
43368 玉名郡長洲町
43%
43403 菊池郡大津町
43%
43421 阿蘇郡一の宮町 2005年消滅
43%
43443 上益城郡益城町
43%
43321 宇土郡三角町 2005年消滅
36%
43322 宇土郡不知火町 2005年消滅
36%
43343 下益城郡松橋町 2005年消滅
36%
43346 下益城郡中央村 1975年昇格
36%
43361 玉名郡岱明町 2005年消滅
36%
43363 玉名郡天水町 2005年消滅
36%
43364 玉名郡玉東町
36%
43365 玉名郡菊水町 2006年消滅
36%
43366 玉名郡三加和町 2006年消滅
36%
43381 鹿本郡鹿北町 2005年消滅
36%
43382 鹿本郡菊鹿町 2005年消滅
36%
43383 鹿本郡鹿本町 2005年消滅
36%
43385 鹿本郡植木町 2010年消滅
36%
43401 菊池郡七城町 2005年消滅
36%
43402 菊池郡旭志村 2005年消滅
36%
43405 菊池郡合志町 2006年消滅
36%
43406 菊池郡泗水町 2005年消滅
36%
43407 菊池郡西合志町 2006年消滅
36%
43422 阿蘇郡阿蘇町 2005年消滅
36%
43423 阿蘇郡南小国村 1969年昇格
36%
43424 阿蘇郡小国町
36%
43427 阿蘇郡蘇陽町 2005年消滅
36%
43430 阿蘇郡久木野村 2005年消滅
36%
43445 上益城郡矢部町 2005年消滅
36%
43481 葦北郡田浦町 2005年消滅
36%
43482 葦北郡葦北町
36%
43484 葦北郡津奈木町
36%
43506 球磨郡湯前町
36%
43507 球磨郡水上村
36%
43511 球磨郡五木村
36%
43512 球磨郡山江村
36%
43513 球磨郡球磨村
36%
43531 天草郡苓北町
36%
43532 天草郡天草町 2006年消滅
36%
43303 飽託郡飽田村 1971年昇格
29%
43304 飽託郡天明村 1971年昇格
29%
43341 下益城郡城南町 2010年消滅
29%
43342 下益城郡富合村 1971年昇格
29%
43344 下益城郡小川町 2005年消滅
29%
43384 鹿本郡鹿央町 2005年消滅
29%
43404 菊池郡菊陽町
29%
43426 阿蘇郡波野村 2005年消滅
29%
43429 阿蘇郡白水村 2005年消滅
29%
43431 阿蘇郡長陽村 2005年消滅
29%
43441 上益城郡御船町
29%
43442 上益城郡嘉島町
29%
43444 上益城郡甲佐町
29%
43446 上益城郡清和村 2005年消滅
29%
43461 八代郡坂本村 2005年消滅
29%
43462 八代郡千丁村 1976年昇格
29%
43463 八代郡鏡町 2005年消滅
29%
43464 八代郡竜北村 1974年昇格
29%
43465 八代郡宮原町 2005年消滅
29%
43467 八代郡泉村 2005年消滅
29%
43501 球磨郡錦町
29%
43502 球磨郡上村 2003年消滅
29%
43503 球磨郡免田町 2003年消滅
29%
43505 球磨郡多良木町
29%
43509 球磨郡深田村 2003年消滅
29%
43510 球磨郡相良村
29%
43521 天草郡大矢野町 2004年消滅
29%
43523 天草郡有明町 2006年消滅
29%
43524 天草郡姫戸町 2004年消滅
29%
43526 天草郡御所浦町 2006年消滅
29%
43301 飽託郡北部町 1991年消滅
21%
43302 飽託郡河内芳野村 1971年昇格
21%
43305 飽託郡託麻村 1970年消滅
21%
43345 下益城郡豊野村 2000年昇格
21%
43362 玉名郡横島町 2005年消滅
21%
43508 球磨郡須恵村 2003年消滅
21%
43522 天草郡松島町 2004年消滅
21%
43525 天草郡龍ヶ岳町 2004年消滅
21%
43529 天草郡新和町 2006年消滅
21%
43530 天草郡五和町 2006年消滅
21%
43386 鹿本郡田底村 1969年消滅
14%
43466 八代郡東陽村 2005年消滅
14%
43483 葦北郡湯浦町 1970年消滅
14%
43504 球磨郡岡原村 2003年消滅
14%
43527 天草郡倉岳町 2006年消滅
14%
43533 天草郡河浦町 2006年消滅
14%
43528 天草郡栖本町 2006年消滅
7%
No matching quizzes found
Score Distribution
Percent of People with Each Score
Percentile by Number Answered
Your Score History
You have not taken this quiz